000 00662nam a2200229Ia 4500
003 OSt
005 20220928124249.0
006 a|||||r|||| 00| 0
007 ta
008 220927b |||||||| |||| 00| 0 eng d
024 _a31917
037 _cTextual
040 _aSDCL
_cSDCL
_beng
041 _2eng
_aeng
082 _aV2'N7<B, L3
100 _aPochhammer Wilhelm Von
_9464115
245 0 _aIndia's road to nationhood
_b A political History of the subcontinent
260 _aNew Delhi
_bAllied Publishers
_c1973
300 _axv,678p
_ccm.
942 _hV2'N7<B, L3
_cTEXL
_2CC
999 _c776994
_d776994